| 000 | 01019cam a22002898a 4500 | ||
|---|---|---|---|
| 001 | 016590154 | ||
| 003 | OSt | ||
| 005 | 20150420134918.0 | ||
| 008 | 131216t2014 moua frb 001 0 eng d | ||
| 020 | _a9780323241731 (pbk.) | ||
| 040 |
_aStDuBDS _cStDuBDS _dEG-ScBUE |
||
| 082 | 0 | 4 |
_a610.7343 _222 _bPUL |
| 130 | 0 | _aPublic health nursing (Stanhope) | |
| 245 | 1 | 0 |
_aPublic health nursing : _bpopulation-centered health care in the community / _c[edited by] Marcia Stanhope, Jeanette Lancaster. |
| 250 | _a8th ed., Revised reprint. | ||
| 260 |
_aMissouri : _bElsevier, _cc.2014. |
||
| 300 |
_axxxi, 1095 p. : _bill. (col.) ; _c28 cm. |
||
| 500 | _aThis edition originally published : 2012. | ||
| 500 | _aIndex : p. 1063-1095. | ||
| 504 | _aIncludes bibliographical references. | ||
| 650 | 0 |
_aCommunity health nursing _94083 _2BUEsh. |
|
| 653 |
_bNNUR _cApril2015 |
||
| 655 |
_vreading book _934232 |
||
| 700 | 1 |
_aStanhope, Marcia _eeditor. _937665 |
|
| 700 | 1 |
_aLancaster, Jeanette _eeditor. _937666 |
|
| 942 | _2ddc | ||
| 999 |
_c19202 _d19174 |
||